Journal of agricultural economics

Saved in:
Bibliographic Details
Format: Serial
Language:English
Published: Aberdeen Agricultural Economics Society 1979
Tags: Add Tag
No Tags, Be the first to tag this record!

MARC

LEADER 00000nas2a2200000 4500
001 0008996
005 20250730114237.9
022 |a 0021-857X 
041 0 |a eng 
044 |a GB 
245 1 0 |a Journal of agricultural economics 
264 1 |a Aberdeen  |b Agricultural Economics Society  |c 1979 
300 |a 1 zv. 
773 0 |w eu_un_cat*s123704